000 01494nam a22002177a 4500
999 _c59401
_d59401
003 Ge_BSU
005 20230209160933.0
008 230209s2022 ge ||||| |||| 00| 0 geo d
041 _ageo
080 _a82 კ-18
100 _aკალანდია, ანა
_916875
245 _aტურიზმის დისკურსის ლინგვისტური თავისებურებები (ქართული და ინგლისური ენების მასალაზე) :
_bდისერტაცია /
_cანა კალანდია; სამეცნიერო ხელმძღვანელი ირინე გოშხეთელიანი; ბსუ. ჰუმანიტარულ მეცნიერებათა ფაკ-ტი. ევროპეისტიკის დეპარტამენტი.
264 _aბათუმი,
_c2022.
300 _a138 გვ. ;
_b30 სმ.
504 _aბიბლიოგრ. გვ. 129-138
653 _aფილოლოგია
653 _aლინგვისტიკა
700 _aგოშხეთელიანი, ირინე
_eსამეცნიერო ხელმძღვანელი
_916876
710 _aბსუ.
_bჰუმანიტარულ მეცნიერებათა ფაკ-ტი. ევროპეისტიკის დეპარტამენტი.
_910816
942 _2udc
_cDS